000 00535nam a2200217Ia 4500
003 OSt
005 20220924143250.0
006 a|||||r|||| 00| 0
007 ta
008 220923b |||||||| |||| 00| 0 urd d
024 _a307477
037 _cTextual
040 _aARTS
_cARTS
_burd
041 _2urd
_aurd
082 _aw2N01,1, 168M2
100 _aBeg Ziyauddin
_9215228
245 0 _aMere Shab warooz
260 _c1982
942 _hw2N01,1, 168M2
_cTEXL
_2CC
999 _c453828
_d453828